| 000 | 04004njm0a2200493 4500 | ||
|---|---|---|---|
| 001 | RU\NLR\ONIZ\293018 | ||
| 005 | 20250708193610.0 | ||
| 035 | _a(NLR Aleph) 012932691 | ||
| 071 | 0 | 0 | _aД-00026199-200 |
| 090 |
_a13284859 _c13284859 |
||
| 100 | _a20221030d1971 |||y0rusy50 ca | ||
| 102 | _aRU | ||
| 125 | _azx | ||
| 126 |
_aabaxcxu ux _bxxx |
||
| 127 | _a001000 | ||
| 200 | 1 |
_aПоёт Александр Борисов _bЗвукозапись _fсопровождает : Сергей Сорокин, гитара |
|
| 203 |
_aМузыка _bисполнительская _cаудио |
||
| 210 |
_aМосква _cМелодия _gЗавод грампластинок _eЛенинград _d1971 |
||
| 215 |
_a1 грп. [ГОСТ 5289-68] (10 мин) : 33 об/мин, моно _d17, 5 см, в конв. |
||
| 327 | 1 |
_a1. У пруда : старинный романс. _a2. Дремлют плакучие ивы / [Б. Б. Барона] Б. Баратынский?. _a3. Мираж / музыка и слова Т. Котляревской (Толстой). _a4. Шепнув, прости / Л. Денца ; обработка С. Сорокина (1, 3, 4) |
|
| 464 | 0 |
_12001#$aУ пруда$eстаринный романс$fобработка С. Сорокина _1701#1$9z01790$aСорокин$bС. А.$gСергей Александрович$f1895-1973$4030$7ca _1790#1$9z01701$aSorokin$bS.$gSergej$f1895-1973$4030$7ba _tУ пруда |
|
| 464 | 0 |
_12001#$aДремлют плакучие ивы$f[Б. Б. Барона] Б. Баратынский? _1700#1$9z01790$aБарон$bБ.$cмузыкант$cпоэт$4230$7ca _1790#1$9z01700$aBaron$bB.$4230$7ba _tДремлют плакучие ивы _aБарон, Б. (поэт) |
|
| 464 | 0 |
_12001#$aМираж$fмузыка и слова Т. Котляревской (Толстой)$gобработка С. Сорокина _1700#1$9z01790$aКотляревская (Толстая)$bТ. К.$gТатьяна Константиновна$f1862-1918$4070$7ca _1702#1$9z02790$aСорокин$bС. А.$gСергей Александрович$f1895-1973$4030$7ca _1790#1$9z01700$aKotljarevskaja (Tolstaja)$bT.$gTat`jana$f1862-1918$4070$7ba _1790#1$9z02702$aSorokin$bS.$gSergej$f1895-1973$4030$7ba _tМираж _aКотляревская (Толстая), Татьяна Константиновна (1862-1918) |
|
| 464 | 0 |
_12001#$aШепнув, прости$fЛ. Денца$gобработка С. Сорокина _1700#1$9z01790$aДенца$bЛ.$gЛуиджи$f1846-1922$4070$7ca _1702#1$9z02790$aСорокин$bС. А.$gСергей Александрович$f1895-1973$4030$7ca _1790#1$9z02702$aSorokin$bS.$gSergej$f1895-1973$4030$7ba _1790#1$9z01700$aDenza$bL.$gLuigi$f1846-1922$4070$7ba _tШепнув, прости _aДенца, Луиджи (1846-1922) |
|
| 606 | 1 |
_aСтаринные русские романсы _xЗвукозапись _yРоссия _z19-20 вв. _jЗвукозапись _2nlr_sh |
|
| 606 | 1 |
_aСтаринные романсы для голоса и гитары _yРоссия _z19-20 вв. _jЗвукозапись _2nlr_sh |
|
| 606 | 1 |
_aПевцы эстрадные советские _z20 век _jЗвукозапись _2nlr_sh |
|
| 686 | 0 | _aЩ943.4, 8(2) | |
| 686 | 0 | _aЩ943.4-043.32я43(28) | |
| 700 | 1 |
_9z01790 _aБорисов _bА. Ф. _f1905-1982 _gАлександр Фёдорович _4590 _4vma _7ca |
|
| 702 | 1 |
_9z02790 _aСорокин _bС. А. _f1895-1973 _gСергей Александрович _4590 _4tgu _7ca |
|
| 790 | 1 |
_9z01700 _aBorisov _bA. _f1905-1982 _gAlexander _4590 _4vma _7ba |
|
| 790 | 1 |
_9z02702 _aSorokin _bS. _f1895-1973 _gSergej _4590 _4tgu _7ba |
|
| 801 | 0 |
_aRU _bNLR _c20221030 _gPSBO |
|
| 801 | 1 |
_aRU _bNLR _c20221030 _2rusmarc |
|
| 801 | 2 |
_aRU _bNLR _c20221107 |
|
| 852 |
_aNLR _bМг _j1/787 _p35126 _t1 |
||
| 852 |
_aNLR _bМг _j1/787а _p35127 _t2 |
||
| 852 |
_aNLR _bМг _j1/787б _p35128 _t3 |
||
| 852 |
_aNLR _bМг _j1/787в _p35129 _t4 |
||
| 942 | _cREC | ||
| 980 | _aNB | ||
| 980 | _aONIZ | ||